Životné minimum - dopad na daň z príjmov FO
Definícia životného minima. Predmet zákona o životnom minime. Sumy životného minima. Úpravy súm životného minima k 1. júlu bežného kalendárneho roka. Výpočet súm životného minima v modelových situáciách. Dopad životného minima na daň z príjmov fyzických osôb.
Na minha lista:
| Autor principal: | |
|---|---|
| Formato: | Capítulo de Livro |
| Idioma: | eslovaco |
| Assuntos: | |
| Tags: |
Sem tags, seja o primeiro a adicionar uma tag!
|
MARC
| LEADER | 00000naa a2200000 4500 | ||
|---|---|---|---|
| 001 | 0287645 | ||
| 005 | 20240417075213.6 | ||
| 041 | 0 | |a slo | |
| 044 | |a SK | ||
| 245 | 1 | 0 | |a Životné minimum - dopad na daň z príjmov FO |c Ján Mintál |
| 520 | |a Definícia životného minima. Predmet zákona o životnom minime. Sumy životného minima. Úpravy súm životného minima k 1. júlu bežného kalendárneho roka. Výpočet súm životného minima v modelových situáciách. Dopad životného minima na daň z príjmov fyzických osôb. | ||
| 610 | 2 | 0 | |a minimum existenčné |
| 610 | 2 | 0 | |a dane z príjmov |
| 610 | 2 | 0 | |a osoby fyzické |
| 610 | 2 | 0 | |a zákony |
| 100 | 1 | |a Mintál, Ján | |